| 000 | 00994 am a2200289ua 4500 | ||
|---|---|---|---|
| 001 | 008835579 | ||
| 005 | 20140302115601.0 | ||
| 008 | 980604s1997 xxk grb 001 0 eng d | ||
| 020 | _a1898001359 (pbk) | ||
| 040 |
_aUk _cUk |
||
| 043 | _ae-uk--- | ||
| 082 | 0 | 4 |
_a363.50941 _222 _bYOU |
| 100 | 1 |
_aYoung, Michael Dunlop, _d1915-2002 _935128 |
|
| 245 | 1 | 4 |
_aThe communities we have lost and can regain / _cMichael Young and Gerard Lemos with research by Lesley Cullen. |
| 260 |
_aLondon : _bLemos & Crane, _c1997. |
||
| 300 |
_axii, 116 p. ; _c22 cm. |
||
| 500 | _aIndex : p. 113-116. | ||
| 504 | _aBibliography : p. 107-112. | ||
| 650 | 0 |
_aHousing policy _zGreat Britain _935130 |
|
| 650 | 0 |
_aCommunity life _zGreat Britain _935131 |
|
| 651 | 0 |
_aGreat Britain _xSocial conditions _y1945- _933414 |
|
| 653 |
_bGGEN _cFebruary2014 |
||
| 655 |
_vreading book _934232 |
||
| 700 | 1 |
_aLemos, Gerard _935129 |
|
| 700 | 1 |
_aCullen, Lesley, _935133 _d 1945- _eresearcher. |
|
| 942 |
_2ddc _k363.50941 YOU |
||
| 999 |
_c18052 _d18024 |
||